Báo cáo hiện trạng ngành giống cây trồng Việt Nam
Tài liệu đánh giá hiện trạng ngành giống cây trồng Việt Nam hiện nay bao gồm giống cây trồng trong ngành nông nghiệp Việt Nam, các chính sách về giống cây trồng, việc nghiên cứu, phát triển và sử dụng giống cây trồng ở Việt Nam. Tài liẹ...
Uloženo v:
| Korporace: | , |
|---|---|
| Médium: | Kniha |
| Jazyk: | Undetermined |
| Vydáno: |
Hà Nội
Cục trồng trọt
2007
|
| Témata: | |
| Tagy: |
Přidat tag
Žádné tagy, Buďte první, kdo otaguje tento záznam!
|
| Thư viện lưu trữ: | Trung tâm Học liệu Trường Đại học Cần Thơ |
|---|
| LEADER | 01350nam a2200217Ia 4500 | ||
|---|---|---|---|
| 001 | CTU_134732 | ||
| 008 | 210402s9999 xx 000 0 und d | ||
| 082 | |a 338.4363153 | ||
| 082 | |b B450 | ||
| 110 | |a Bộ nông nghiệp và phát triển nông thôn | ||
| 110 | |b Cục trồng trọt | ||
| 245 | 0 | |a Báo cáo hiện trạng ngành giống cây trồng Việt Nam | |
| 245 | 0 | |c ASPS, Hợp phần giống cây trồng, Cục trồng trọt | |
| 260 | |a Hà Nội | ||
| 260 | |b Cục trồng trọt | ||
| 260 | |c 2007 | ||
| 520 | |a Tài liệu đánh giá hiện trạng ngành giống cây trồng Việt Nam hiện nay bao gồm giống cây trồng trong ngành nông nghiệp Việt Nam, các chính sách về giống cây trồng, việc nghiên cứu, phát triển và sử dụng giống cây trồng ở Việt Nam. Tài liệu cũng báo cáo thực trạng sản xuất và kinh doanh giống cây trồng cũng các hệ thống kiểm soát giống cây trồng | ||
| 650 | |a Agricultural industry,Nhân giống cây trồng,Ngành nông nghiệp,Plant propagation | ||
| 650 | |z Vietnam,Việt Nam | ||
| 904 | |i Huỳnh Mai | ||
| 980 | |a Trung tâm Học liệu Trường Đại học Cần Thơ | ||